| 000 | 00670nam a2200241Ia 4500 | ||
|---|---|---|---|
| 001 | dia_3592 | ||
| 003 | CHAP | ||
| 005 | 20251021145336.0 | ||
| 008 | 220601s9999 xx 000 0 und d | ||
| 020 | _a968-18-4716-4 | ||
| 040 | _cCHAP | ||
| 082 | _a575.1 M8Y | ||
| 100 |
_aMurrell, J. C. _9175846 |
||
| 245 | _aIntroducción a la ingeniería genética/J. C. Murrell y L.C . Roberts | ||
| 260 | _aMéxico, D.F.: LIMUSA | ||
| 300 | _a156 p. | ||
| 500 | _aC/e | ||
| 650 |
_a1. Genética2. Ingeniería genéticaÌ _9175847 |
||
| 901 | _a575.1 M8Y | ||
| 902 | _aM | ||
| 905 | _a0000001993 mx 0000000000spa00 | ||
| 942 |
_cLIBRO _2ddc |
||
| 999 |
_c209340 _d209340 |
||